| 000 | 00592nam a2200193 i 4500 | ||
|---|---|---|---|
| 001 | 69793 | ||
| 003 | ES-MaACL | ||
| 005 | 20230906170623.0 | ||
| 007 | t| | ||
| 008 | 040712s1964 sp ||||1| spa d | ||
| 100 | 1 |
_aGarcía Hernández, Vicente. _954762 |
|
| 245 | 1 | 0 |
_aDios se llama forastero / _cVicente García Hernández. |
| 260 |
_aMurcia : _bDiputación Provincial de Murcia, _c[1964] |
||
| 300 |
_a74 p., 2 lám. ; _c21 cm. |
||
| 490 | 1 | _aSerie "Varia Literatura" | |
| 830 | 0 |
_aSerie "Varia Literatura" _9231014 |
|
| 852 |
_aES-MaACL _jC-26016 _bR.54452 |
||
| 999 |
_c69793 _d69793 |
||